| 000 | 01254nam a22001457a 4500 | ||
|---|---|---|---|
| 005 | 20120125113956.0 | ||
| 020 |
_a97881905101111 _c395.00 |
||
| 100 |
_aनिशांत सिंह _940132 |
||
| 245 |
_aरोहित ज्ञान-विज्ञान एन्साइक्लोपीडिया; _bकीट पतंगों का जीवन/ _cनिशांत सिंह; मधुसूदन त्रिपाठी द्वारा सहयोग, श्याम जगोता द्वारा चित्रित |
||
| 260 |
_aदिल्ली _bरोहित पब्लिशिंग हाउस _c2011 |
||
| 270 |
_a518/6 बी, कड़कड़ी रोड, विश्वास नगर _bदिल्ली _e110032 |
||
| 300 |
_a144 पृ. _bसचित्र _c24 सेमी (सजिल्द) |
||
| 490 |
_aविज्ञान विषयों पर उत्कृष्ट लेखन के लिेए भारत लरकार द्वारा "महासागर राष्ट्रीय पुरस्कार" l से सम्मानित साहित्यकार डॅा निशांत सिंह _940133 |
||
| 942 |
_2ddc _cCH _mनिशांत |
||
| 999 |
_c61476 _d61476 |
||